| 000 | 01280cam a2200217 4500 | ||
|---|---|---|---|
| 008 | 030827n2003 000 0 eng u | ||
| 035 | _a(Sirsi) u123373 | ||
| 245 | _aMixed use brings higher rent | ||
| 260 | _c2003 | ||
| 490 |
_aRegeneration and Renewal _v 22 August 2003, 2(1) |
||
| 520 | _aNew research by FPD Savills shows that rental growth on mixed-use developments are outperforming single-use schemes. This supports government encouragement for mixed-use developments on major regeneration sites. Traditionally the property industry has avoided mixed-use schemes over fears of lower returns associated with management difficulties. The report highlights the difficulty of encouraging investment in single buildings with different uses, as residential leases conflict with commercial leases, leading to difficulties with redevelopment. "Investment in mixed use" is available at http://www.fpdsavills.co.uk/research.asp?content=%5Cuber%5Fresearch%5C3595%2Ehtm&subcategory=none&contenttype=research&category= | ||
| 590 | _aWB | ||
| 650 | _aMIXED-USE DEVELOPMENTS | ||
| 650 | _aGOVERNMENT POLICY | ||
| 650 | _aINVESTMENT RETURNS | ||
| 650 | _aRENTAL GROWTH | ||
| 650 | _aRESIDENTIAL LEASES | ||
| 650 | _aCOMMERCIAL LEASES | ||
| 690 | _aREGENERATION | ||
| 942 | _n0 | ||
| 999 |
_c73280 _d73280 |
||